Психологический конфорт как фактор успешного функционирования учебной группы; Т. 2

Détails bibliographiques
Parent link:Т. 2.— 2008.— С. 194-198
Auteur principal: Ярица Л. И.
Langue:russe
Publié: 2008
Sujets:
Format: Chapitre de livre
KOHA link:https://koha.lib.tpu.ru/cgi-bin/koha/opac-detail.pl?biblionumber=156284

MARC

LEADER 00000naa2a2200000 4500
001 156284
005 20231031153017.0
035 |a (RuTPU)RU\TPU\book\169522 
090 |a 156284 
100 |a 20090325d2008 k y0rusy50 ca 
101 0 |a rus 
102 |a RU 
200 1 |a Психологический конфорт как фактор успешного функционирования учебной группы 
320 |a Библиогр.: 6 назв. 
463 0 |0 (RuTPU)RU\TPU\book\163845  |y 5-87307-071-7  |t Т. 2  |v С. 194-198  |d 2008  |p 200 с. 
610 1 |a студенты 
610 1 |a группы 
610 1 |a психологический климат 
610 1 |a малые социальные группы 
610 1 |a контактность 
610 1 |a целостность 
610 1 |a старосты 
610 1 |a труды учёных ТПУ 
700 1 |a Ярица  |b Л. И. 
801 1 |a RU  |b 63413507  |c 20090325  |g PSBO 
942 |c BK